Let Comprehensive Reviewer : (Record no. 82388)
[ view plain ]
| 000 -LEADER | |
|---|---|
| fixed length control field | 00850nam a22002297a 4500 |
| 003 - CONTROL NUMBER IDENTIFIER | |
| control field | URS |
| 005 - DATE AND TIME OF LATEST TRANSACTION | |
| control field | 20250315235555.0 |
| 008 - FIXED-LENGTH DATA ELEMENTS--GENERAL INFORMATION | |
| fixed length control field | 250315t2023 ph ||||| |||| 00| 0 eng d |
| 020 ## - INTERNATIONAL STANDARD BOOK NUMBER | |
| International Standard Book Number | 978-621-451-032-0 |
| 040 ## - CATALOGING SOURCE | |
| Original cataloging agency | DLC |
| Language of cataloging | eng |
| Transcribing agency | DLC |
| Modifying agency | DLC |
| -- | URS |
| Description conventions | rda |
| 100 ## - MAIN ENTRY--PERSONAL NAME | |
| Relator code | Author |
| Personal name | Corpuz Brenda .B. |
| 245 ## - TITLE STATEMENT | |
| Title | Let Comprehensive Reviewer : |
| Remainder of title | Based on 2022 enhanced table of specifications [TOS] for professional Education:Assessment in learning |
| Statement of responsibility, etc. | Brenda B. Corpuz |
| 264 ## - PRODUCTION, PUBLICATION, DISTRIBUTION, MANUFACTURE, AND COPYRIGHT NOTICE | |
| Place of production, publication, distribution, manufacture | Philippines |
| Name of producer, publisher, distributor, manufacturer | Lorimar Publishing Inc. |
| Date of production, publication, distribution, manufacture, or copyright notice | 2023 |
| 300 ## - PHYSICAL DESCRIPTION | |
| Extent | iv,118 pages; |
| Dimensions | 25 cm. |
| 336 ## - CONTENT TYPE | |
| Source | rdacontent |
| Content type term | text |
| Content type code | txt |
| 337 ## - MEDIA TYPE | |
| Source | rdamedia |
| Media type term | unmediated |
| Media type code | n |
| 338 ## - CARRIER TYPE | |
| Source | rdacarrier |
| Carrier type term | volume |
| Carrier type code | nc |
| 504 ## - BIBLIOGRAPHY, ETC. NOTE | |
| Bibliography, etc. note | includes bibliographical references [118]. |
| 650 ## - SUBJECT ADDED ENTRY--TOPICAL TERM | |
| Topical term or geographic name entry element | Teachers --Philippines.. Examinations questions etc. |
| 700 ## - ADDED ENTRY--PERSONAL NAME | |
| Relator code | Author |
| Personal name | Cuartel Imelda E. |
| 942 ## - ADDED ENTRY ELEMENTS (KOHA) | |
| Source of classification or shelving scheme | Dewey Decimal Classification |
| Koha item type | Filipiniana |
| Withdrawn status | Source of classification or shelving scheme | Damaged status | Not for loan | Home library | Current library | Shelving location | Date acquired | Total Checkouts | Date last seen | Price effective from | Koha item type | Collection code | Source of acquisition | Full call number | Barcode |
|---|---|---|---|---|---|---|---|---|---|---|---|---|---|---|---|
| Library of Congress Classification | Cainta College Library | Cainta College Library | Filipiniana Section | 02/11/2026 | 02/11/2026 | 02/11/2026 | Filipiniana | Non-fiction | Purchased | LB 1765.L534 2023 | URSCAI-5554 | ||||
| Library of Congress Classification | Pililla College Library | Pililla College Library | Filipiniana Section | 03/16/2025 | 03/16/2025 | 03/16/2025 | Filipiniana |